Nové paradigmy možných prejavov a riešení globálnej hospodárskej krízy diplomová práca

Gespeichert in:
Bibliographische Detailangaben
1. Verfasser: Sýkorová, Ivana
Körperschaft: Národohospodárska fakulta EU. Katedra hospodárskej politiky
Weitere Verfasser: Havettová, Miroslava
Format: Buch
Sprache:Slowakisch
Veröffentlicht: Bratislava 2013
Tags: Tag hinzufügen
Keine Tags, Fügen Sie das erste Tag hinzu!

MARC

LEADER 00000nbm a2200000 4500
001 0170496
005 20161109102349.8
041 0 |a slo 
044 |a SK 
245 1 0 |a Nové paradigmy možných prejavov a riešení globálnej hospodárskej krízy  |b diplomová práca  |c Ivana Sýkorová ; školiteľ: Miroslava Havettová 
264 1 |a Bratislava  |c 2013 
300 |a 82 s. 
100 1 |a Sýkorová, Ivana 
700 1 |a Havettová, Miroslava 
710 2 |a Národohospodárska fakulta EU. Katedra hospodárskej politiky